<?xml version="1.0" encoding="UTF-8"?><?xml-stylesheet type="text/xsl" href="static/style.xsl"?><OAI-PMH xmlns="http://www.openarchives.org/OAI/2.0/" xmlns:xsi="http://www.w3.org/2001/XMLSchema-instance" xsi:schemaLocation="http://www.openarchives.org/OAI/2.0/ http://www.openarchives.org/OAI/2.0/OAI-PMH.xsd"><responseDate>2026-04-13T14:22:52Z</responseDate><request verb="GetRecord" identifier="oai:www.recercat.cat:2117/172293" metadataPrefix="marc">https://recercat.cat/oai/request</request><GetRecord><record><header><identifier>oai:recercat.cat:2117/172293</identifier><datestamp>2025-07-16T23:59:42Z</datestamp><setSpec>com_2072_1033</setSpec><setSpec>col_2072_452950</setSpec></header><metadata><record xmlns="http://www.loc.gov/MARC21/slim" xmlns:dcterms="http://purl.org/dc/terms/" xmlns:xsi="http://www.w3.org/2001/XMLSchema-instance" xmlns:doc="http://www.lyncode.com/xoai" xsi:schemaLocation="http://www.loc.gov/MARC21/slim http://www.loc.gov/standards/marcxml/schema/MARC21slim.xsd">
   <leader>00925njm 22002777a 4500</leader>
   <datafield ind2=" " ind1=" " tag="042">
      <subfield code="a">dc</subfield>
   </datafield>
   <datafield ind2=" " ind1=" " tag="720">
      <subfield code="a">Chiaramonte Cipolla, Luis Alejandro</subfield>
      <subfield code="e">author</subfield>
   </datafield>
   <datafield ind2=" " ind1=" " tag="720">
      <subfield code="a">Marín Díaz, María Luz</subfield>
      <subfield code="e">author</subfield>
   </datafield>
   <datafield ind2=" " ind1=" " tag="720">
      <subfield code="a">Llinàs Audet, Francisco Javier</subfield>
      <subfield code="e">author</subfield>
   </datafield>
   <datafield ind2=" " ind1=" " tag="720">
      <subfield code="a">Escardíbul Serra, Josep Oriol</subfield>
      <subfield code="e">author</subfield>
   </datafield>
   <datafield ind2=" " ind1=" " tag="260">
      <subfield code="c">2013</subfield>
   </datafield>
   <datafield ind2=" " ind1=" " tag="520">
      <subfield code="a">El objetivo básico de este estudio es investigarla relación entre la formación continua en la empresa, como factor que mejora el rendimiento empresarial, y su implicación en el rendimiento de la economía, con el fin no solo de analizar la existencia de dicha relación, sino también de buscar mediante nuevas técnicas de desarrollo estadístico, un nuevo enfoque que permita tratar la formación continua en relación con el crecimiento económico desde un punto de vista integral. Uno de los aportes de este trabajo es que la formación continua incide en el crecimiento económico resaltando la importancia de tres factores vitales como lo son la Inversión en Formación, la Implicación Empresarial y la Participación en la formación. El estudio se ha llevado a cabo a partir del diseño de un modelo que nos ha permitido explicar la influencia de dicha formación en el crecimiento económico de dos regiones europeas a través de los factores clave identificados. Para demostrar la parte empírica hemos utilizado los modelos de ecuaciones estructurales, ya que este método multivariante, nos permitirá recoger los distintos aspectos de la formación continua. Podemos concluir que la Inversión en Formación es la que mejor explica el Crecimiento económico, mientras que la Implicación Empresarial y la Participación en Formación inciden menos, debido que las variables escogidas provienen de una encuesta que no ha sido llevada a cabo para tal fin. Por lo tanto, proponemos llevar a cabo estudios más específicos que contemplen indicadores que se aproximen mejor al concepto de formación de capital humano.</subfield>
   </datafield>
   <datafield ind2=" " ind1=" " tag="520">
      <subfield code="a">Postprint (published version)</subfield>
   </datafield>
   <datafield tag="653" ind2=" " ind1=" ">
      <subfield code="a">Àrees temàtiques de la UPC::Economia i organització d'empreses</subfield>
   </datafield>
   <datafield tag="653" ind2=" " ind1=" ">
      <subfield code="a">Continuing education</subfield>
   </datafield>
   <datafield tag="653" ind2=" " ind1=" ">
      <subfield code="a">Economic development</subfield>
   </datafield>
   <datafield tag="653" ind2=" " ind1=" ">
      <subfield code="a">Education</subfield>
   </datafield>
   <datafield tag="653" ind2=" " ind1=" ">
      <subfield code="a">Formación  continua</subfield>
   </datafield>
   <datafield tag="653" ind2=" " ind1=" ">
      <subfield code="a">Crecimiento  económico  regional</subfield>
   </datafield>
   <datafield tag="653" ind2=" " ind1=" ">
      <subfield code="a">Educación</subfield>
   </datafield>
   <datafield tag="653" ind2=" " ind1=" ">
      <subfield code="a">Productividad</subfield>
   </datafield>
   <datafield tag="653" ind2=" " ind1=" ">
      <subfield code="a">Educació permanent</subfield>
   </datafield>
   <datafield tag="653" ind2=" " ind1=" ">
      <subfield code="a">Desenvolupament econòmic</subfield>
   </datafield>
   <datafield tag="653" ind2=" " ind1=" ">
      <subfield code="a">Educació</subfield>
   </datafield>
   <datafield ind2="0" ind1="0" tag="245">
      <subfield code="a">La formación continua en la empresa y su impacto en el crecimiento económico</subfield>
   </datafield>
</record></metadata></record></GetRecord></OAI-PMH>